000 00593nam a2200241Ia 4500
008 190123s9999 xx 000 0 und d
020 _a0590115073
050 _bW423 1997
100 _aWeinberger, Kimberly
245 0 _aWinter is here! /
245 0 _cby Kimberly Weinberger ; illustrated by Jill Dubin.
260 _aNew York, New York :
260 _bScholastic,
260 _c1997
300 _aunpaged :
300 _bcolored illustrations ;
300 _c23cm.
500 _aBR
650 _aSnow.
650 _aWinter.
700 _aDubin, Jill.
700 _aTitle.
999 _c360967
_d360967